Bridgit Mendler Filmography - Statistics

General Stats
  • This quiz has been taken 33 times
    7 since last reset
  • The average score is 12 of 38
Answer Stats
Type Year Name % Correct
TV Show 2010-2014 Good Luck Charlie
100%
TV Film 2011 Lemonade Mouth
86%
TV Show 2013 Jessie
57%
Film 2007 Alice Upside Down
43%
TV Film 2011 Good Luck Charlie, It's Christmas!
43%
TV Show 2009 Jonas
43%
Web Series 2019 Merry Happy Whatever
43%
Film 2012 The Secret World of Arrietty
43%
TV Show 2015-2016 Undateable
43%
TV Show 2009-2012 Wizards of Waverly Place
43%
Film 2009 Alvin and the Chipmunks: The Squeakquel
29%
Documentary Series 2012 Austin Mahone Takeover
29%
Film 2011 Beverly Hills Chihuahua 2
29%
Video Game 2006 Bone: The Great Cow Race
29%
Web Series 2015 David's Vlog
29%
TV Show 2011 Disney's Friends for Change Games
29%
Film 2018 Father of the Year
29%
TV Show 2006 General Hospital
29%
TV Show 2012 House
29%
Film 2009 Labor Pains
29%
Short Documentary 2014 Lennon or McCartney
29%
Film 2014 Muppets Most Wanted
29%
TV Show 2017 Nashville
29%
Film 2008 The Clique
29%
Film 2004 The Legend of Buddha
29%
TV Mini-Series 2015 The Sixth Lead
29%
TV Show 2012 The X Factor
29%
TV Show 2013 Violetta
29%
TV Special 2013 We Day
29%
TV Show 2011 Extreme Makeover: Home Edition
14%
Web Special 2020 Good Luck Charlie: Reunion 2020
14%
TV Show 2011 PrankStars
14%
Documentary Series 2012 Radio Disney's Total Access
14%
TV Show 2011 So Random!
14%
TV Show 2004 The Tourettes Guy
14%
TV Film 2017 Thin Ice
14%
Commercial 2015 Amazon
0%
TV Show 2010, 2011 Disney 365
0%
No matching quizzes found
Score Distribution
Percent of People with Each Score
Percentile by Number Answered
Your Score History
You have not taken this quiz since the last reset